| 000 | 00592nam a2200205Ia 4500 | ||
|---|---|---|---|
| 005 | 20250508152918.0 | ||
| 008 | 008 250505s9999 xx 000 0 eng d | ||
| 037 | _aTextual | ||
| 040 |
_aFEDL _beng _cFEDL |
||
| 041 |
_aeng _2eng |
||
| 084 |
_a338.954, WAR _qFEDL |
||
| 100 | _aWard Barbara | ||
| 245 | 0 | _aIndia and the West | |
| 245 | 0 | _cPublications Division. Ministry of Information and Broadcasting | |
| 260 |
_aDelhi, India _bPublications Division _c1961 |
||
| 300 | _a247p. | ||
| 650 | _aEconomics | ||
| 942 |
_cTEXL _h338.954, WAR |
||
| 999 |
_c1339571 _d1339571 |
||